First 50 Elements - Statistics

General Stats
  • This quiz has been taken 15,553 times
    15,546 since last reset
  • The average score is 35 of 50
Answer Stats
Symbol Answer % Correct
He Helium
98%
H Hydrogen
98%
Li Lithium
97%
O Oxygen
94%
C Carbon
93%
N Nitrogen
93%
B Boron
92%
Be Beryllium
91%
Mg Magnesium
89%
Al Aluminium
88%
F Fluorine
87%
Ne Neon
87%
Na Sodium
87%
Si Silicon
86%
Ar Argon
85%
Cl Chlorine
84%
K Potassium
84%
P Phosphorus
83%
Ca Calcium
82%
S Sulfur
81%
Ti Titanium
79%
Fe Iron
77%
Zn Zinc
77%
Co Cobalt
76%
Cu Copper
75%
Ni Nickel
74%
Mn Manganese
72%
Sc Scandium
72%
Ga Gallium
69%
Cr Chromium
68%
Kr Krypton
68%
V Vanadium
68%
As Arsenic
66%
Br Bromine
66%
Ge Germanium
65%
Se Selenium
61%
Rb Rubidium
57%
Y Yttrium
55%
Sr Strontium
51%
Zr Zirconium
50%
Ag Silver
48%
Sn Tin
42%
Nb Niobium
40%
In Indium
39%
Mo Molybdenum
39%
Pd Palladium
37%
Rh Rhodium
37%
Cd Cadmium
36%
Tc Technetium
36%
Ru Ruthenium
33%
No matching quizzes found
Score Distribution
Percent of People with Each Score
Percentile by Number Answered
Your Score History
You have not taken this quiz since the last reset